00410nam a22001577a 450000500170000001000130001702000260003003500130005603700100006908200110007910000190009024500430010926000360015227000380018830000260022620110929114615.0 aG-001630 c595.00a97881833902551daG-001630 bGift  a954.11 aFrancke, A.H. E aA history of Ladakh /cby A.H. Francke aShrnagar bGulshan Books c2008 aResidency Road,bSrinagare190001 axii, 191p. c24cm(Hb)